000 00404nam a22001697a 4500
005 20180414125323.0
008 160517b xxu||||| |||| 00| 0 eng d
020 _a978-81-8054-638-9
041 _aeng
082 _b2584
_a346.07
100 _aN.D. Kapoor
_9549
245 _aBusiness Law
260 _aNew Delhi
_bSultan Chand & Sons.
_c2009
300 _a551
650 _aManagement
_9241
942 _cBK
999 _c954
_d954